000 00246nam a2200097Ia 4500
001 681630
005 20250826161404.0
008 250824s9999 xx 000 0 und d
245 0 _aKÜÇÜK KADINLAR
_cLOUISA MAY ALCOTT
260 _bKARATAY GENÇLİK
999 _c681630
_d681630